<?xml version="1.0" encoding="UTF-8"?>
<record
    xmlns:xsi="http://www.w3.org/2001/XMLSchema-instance"
    xsi:schemaLocation="http://www.loc.gov/MARC21/slim http://www.loc.gov/standards/marcxml/schema/MARC21slim.xsd"
    xmlns="http://www.loc.gov/MARC21/slim">

  <leader>03209    a2200301   4500</leader>
  <controlfield tag="003">NALT</controlfield>
  <controlfield tag="005">20250818140940.0</controlfield>
  <controlfield tag="008">250424b        th ||||| |||| 00| 0 tha d</controlfield>
  <datafield tag="020" ind1=" " ind2=" ">
    <subfield code="a">9786165620659</subfield>
  </datafield>
  <datafield tag="040" ind1=" " ind2=" ">
    <subfield code="a">&#xE4C;NALT</subfield>
  </datafield>
  <datafield tag="050" ind1=" " ind2=" ">
    <subfield code="a">JV 51</subfield>
    <subfield code="b">&#xE18;285&#xE27; 2567</subfield>
  </datafield>
  <datafield tag="100" ind1="0" ind2=" ">
    <subfield code="a">&#xE18;&#xE40;&#xE19;&#xE28; &#xE27;&#xE07;&#xE28;&#xE4C;&#xE22;&#xE32;&#xE19;&#xE19;&#xE32;&#xE27;&#xE32;. </subfield>
    <subfield code="9">20696</subfield>
  </datafield>
  <datafield tag="245" ind1="1" ind2="0">
    <subfield code="a">&#xE27;&#xE48;&#xE32;&#xE14;&#xE49;&#xE27;&#xE22;&#xE01;&#xE32;&#xE23;&#xE16;&#xE2D;&#xE14;&#xE16;&#xE2D;&#xE19;&#xE23;&#xE30;&#xE40;&#xE1A;&#xE35;&#xE22;&#xE1A;&#xE2D;&#xE33;&#xE19;&#xE32;&#xE08;&#xE41;&#xE1A;&#xE1A;&#xE2D;&#xE32;&#xE13;&#xE32;&#xE19;&#xE34;&#xE04;&#xE21; =</subfield>
    <subfield code="b">On decoloniality / </subfield>
    <subfield code="c">&#xE18;&#xE40;&#xE19;&#xE28; &#xE27;&#xE07;&#xE28;&#xE4C;&#xE22;&#xE32;&#xE19;&#xE19;&#xE32;&#xE27;&#xE32; </subfield>
  </datafield>
  <datafield tag="246" ind1="3" ind2="1">
    <subfield code="a">On decoloniality.</subfield>
  </datafield>
  <datafield tag="250" ind1=" " ind2=" ">
    <subfield code="a">&#xE1E;&#xE34;&#xE21;&#xE1E;&#xE4C;&#xE04;&#xE23;&#xE31;&#xE49;&#xE07;&#xE41;&#xE23;&#xE01;.</subfield>
  </datafield>
  <datafield tag="260" ind1=" " ind2=" ">
    <subfield code="a">&#xE01;&#xE23;&#xE38;&#xE07;&#xE40;&#xE17;&#xE1E;&#xE2F; :</subfield>
    <subfield code="b">&#xE2A;&#xE21;&#xE21;&#xE15;&#xE34;,</subfield>
    <subfield code="c">2567.</subfield>
  </datafield>
  <datafield tag="300" ind1=" " ind2=" ">
    <subfield code="a">399 &#xE2B;&#xE19;&#xE49;&#xE32; :</subfield>
    <subfield code="b">&#xE20;&#xE32;&#xE1E;&#xE1B;&#xE23;&#xE30;&#xE01;&#xE2D;&#xE1A; ;</subfield>
    <subfield code="c">21 &#xE0B;&#xE21;.</subfield>
  </datafield>
  <datafield tag="505" ind1="2" ind2=" ">
    <subfield code="a">	&#xE01;&#xE32;&#xE23;&#xE16;&#xE2D;&#xE14;&#xE16;&#xE2D;&#xE19;&#xE08;&#xE31;&#xE01;&#xE23;&#xE0D;&#xE32;&#xE13;&#xE27;&#xE34;&#xE17;&#xE22;&#xE32; : &#xE40;&#xE21;&#xE37;&#xE48;&#xE2D;&#xE04;&#xE27;&#xE32;&#xE21;&#xE04;&#xE34;&#xE14;&#xE1A;&#xE49;&#xE32;&#xE19;&#xE19;&#xE2D;&#xE01;&#xE2A;&#xE39;&#xE49;&#xE01;&#xE31;&#xE1A;&#xE04;&#xE27;&#xE32;&#xE21;&#xE04;&#xE34;&#xE14;&#xE02;&#xE2D;&#xE07;&#xE40;&#xE08;&#xE49;&#xE32;&#xE1E;&#xE48;&#xE2D;&#xE1A;&#xE49;&#xE32;&#xE19;&#xE19;&#xE2D;&#xE01; -- &#xE08;&#xE32;&#xE01; '&#xE08;&#xE31;&#xE01;&#xE23;&#xE27;&#xE23;&#xE23;&#xE14;&#xE34;' &#xE16;&#xE36;&#xE07; '&#xE08;&#xE31;&#xE01;&#xE23;&#xE27;&#xE32;&#xE25;&#xE19;&#xE04;&#xE23;&#xE32;&#xE17;&#xE31;&#xE28;&#xE19;&#xE4C;' -- &#xE04;&#xE32;&#xE19;&#xE17;&#xE4C;&#xE01;&#xE31;&#xE1A;&#xE40;&#xE0A;&#xE37;&#xE49;&#xE2D;&#xE0A;&#xE32;&#xE15;&#xE34;&#xE2A;&#xE35;&#xE1C;&#xE34;&#xE27; -- &#xE08;&#xE32;&#xE01; '&#xE08;&#xE31;&#xE01;&#xE23;&#xE27;&#xE32;&#xE25;&#xE19;&#xE04;&#xE23;&#xE32;&#xE17;&#xE31;&#xE28;&#xE19;&#xE4C;' &#xE16;&#xE36;&#xE07; '&#xE04;&#xE27;&#xE32;&#xE21;&#xE40;&#xE1B;&#xE47;&#xE19;&#xE1A;&#xE49;&#xE32;&#xE19;&#xE19;&#xE2D;&#xE01;' &#xE02;&#xE2D;&#xE07;&#xE2A;&#xE20;&#xE32;&#xE27;&#xE30;&#xE2A;&#xE21;&#xE31;&#xE22;&#xE43;&#xE2B;&#xE21;&#xE48;&#xE22;&#xE38;&#xE42;&#xE23;&#xE1B;&#xE15;&#xE30;&#xE27;&#xE31;&#xE19;&#xE15;&#xE01; -- &#xE08;&#xE31;&#xE01;&#xE23;&#xE27;&#xE23;&#xE23;&#xE14;&#xE34;&#xE22;&#xE38;&#xE42;&#xE23;&#xE1B;&#xE1C;&#xE34;&#xE27;&#xE02;&#xE32;&#xE27; -- &#xE08;&#xE31;&#xE01;&#xE23;&#xE0D;&#xE32;&#xE13;&#xE27;&#xE34;&#xE17;&#xE22;&#xE32;&#xE02;&#xE2D;&#xE07;&#xE08;&#xE31;&#xE01;&#xE23;&#xE27;&#xE23;&#xE23;&#xE14;&#xE34;&#xE1C;&#xE34;&#xE27;&#xE02;&#xE32;&#xE27; -- &#xE08;&#xE31;&#xE01;&#xE23;&#xE27;&#xE23;&#xE23;&#xE14;&#xE34;&#xE41;&#xE2B;&#xE48;&#xE07;&#xE41;&#xE2A;&#xE07;&#xE2A;&#xE27;&#xE48;&#xE32;&#xE07;&#xE17;&#xE35;&#xE48;&#xE14;&#xE33;&#xE17;&#xE30;&#xE21;&#xE36;&#xE19; -- '&#xE0D;&#xE32;&#xE13;&#xE27;&#xE34;&#xE17;&#xE22;&#xE32;&#xE41;&#xE2B;&#xE48;&#xE07;&#xE08;&#xE31;&#xE01;&#xE23;&#xE27;&#xE23;&#xE23;&#xE14;&#xE34;&#xE04;&#xE23;&#xE34;&#xE2A;&#xE15;&#xE4C;' &#xE01;&#xE31;&#xE1A; '&#xE23;&#xE30;&#xE40;&#xE1A;&#xE35;&#xE22;&#xE1A;&#xE21;&#xE19;&#xE38;&#xE29;&#xE22;&#xE4C;' -- &#xE23;&#xE30;&#xE40;&#xE1A;&#xE35;&#xE22;&#xE1A;&#xE2D;&#xE33;&#xE19;&#xE32;&#xE08;&#xE41;&#xE1A;&#xE1A;&#xE2D;&#xE32;&#xE13;&#xE32;&#xE19;&#xE34;&#xE04;&#xE21; -- &#xE01;&#xE32;&#xE23;&#xE1B;&#xE25;&#xE14;&#xE1B;&#xE25;&#xE48;&#xE2D;&#xE22;&#xE40;&#xE1E;&#xE37;&#xE48;&#xE2D;&#xE43;&#xE2B;&#xE49;&#xE23;&#xE2D;&#xE14; (salvation) -- &#xE08;&#xE32;&#xE01;&#xE01;&#xE32;&#xE23;&#xE15;&#xE48;&#xE2D;&#xE2A;&#xE39;&#xE49;&#xE40;&#xE23;&#xE37;&#xE48;&#xE2D;&#xE07;&#xE40;&#xE0A;&#xE37;&#xE49;&#xE2D;&#xE0A;&#xE32;&#xE15;&#xE34;&#xE2A;&#xE35;&#xE1C;&#xE34;&#xE27; (race) &#xE21;&#xE32;&#xE2A;&#xE39;&#xE48;&#xE20;&#xE32;&#xE29;&#xE32; -- &#xE01;&#xE32;&#xE23;&#xE21;&#xE32;&#xE0A;&#xE49;&#xE32;&#xE02;&#xE2D;&#xE07; '&#xE15;&#xE31;&#xE27;&#xE1A;&#xE17;' (text) &#xE02;&#xE2D;&#xE07;&#xE2B;&#xE19;&#xE31;&#xE07;&#xE2D;&#xE32;&#xE13;&#xE32;&#xE19;&#xE34;&#xE04;&#xE21; (postcolonial) -- &#xE08;&#xE32;&#xE01;&#xE1A;&#xE31;&#xE19;&#xE14;&#xE38;&#xE07;&#xE16;&#xE36;&#xE07;&#xE1A;&#xE39;&#xE23;&#xE1E;&#xE19;&#xE34;&#xE22;&#xE21; (Orientalism) -- &#xE08;&#xE32;&#xE01;&#xE1A;&#xE31;&#xE19;&#xE14;&#xE38;&#xE07;&#xE21;&#xE32;&#xE2A;&#xE39;&#xE48; '&#xE01;&#xE32;&#xE23;&#xE16;&#xE2D;&#xE14;&#xE16;&#xE2D;&#xE19;&#xE2B;&#xE25;&#xE31;&#xE07;&#xE2D;&#xE32;&#xE13;&#xE32;&#xE19;&#xE34;&#xE04;&#xE21;' -- &#xE16;&#xE2D;&#xE14;&#xE16;&#xE2D;&#xE19;&#xE0D;&#xE32;&#xE13;&#xE27;&#xE34;&#xE17;&#xE22;&#xE32;&#xE2D;&#xE32;&#xE13;&#xE32;&#xE19;&#xE34;&#xE04;&#xE21; -- &#xE2D;&#xE18;&#xE34;&#xE1B;&#xE44;&#xE15;&#xE22;&#xE17;&#xE32;&#xE07;&#xE20;&#xE39;&#xE21;&#xE34;&#xE1B;&#xE31;&#xE0D;&#xE0D;&#xE32; : &#xE01;&#xE23;&#xE30;&#xE1A;&#xE27;&#xE19;&#xE01;&#xE32;&#xE23;&#xE16;&#xE2D;&#xE14;&#xE16;&#xE2D;&#xE19;&#xE21;&#xE2B;&#xE32;&#xE27;&#xE34;&#xE17;&#xE22;&#xE32;&#xE25;&#xE31;&#xE22;/&#xE01;&#xE32;&#xE23;&#xE28;&#xE36;&#xE01;&#xE29;&#xE32;&#xE41;&#xE1A;&#xE1A;&#xE2D;&#xE32;&#xE13;&#xE32;&#xE19;&#xE34;&#xE04;&#xE21;.</subfield>
  </datafield>
  <datafield tag="650" ind1=" " ind2="4">
    <subfield code="a">&#xE01;&#xE32;&#xE23;&#xE1B;&#xE25;&#xE14;&#xE1B;&#xE25;&#xE48;&#xE2D;&#xE22;&#xE2D;&#xE32;&#xE13;&#xE32;&#xE19;&#xE34;&#xE04;&#xE21;</subfield>
    <subfield code="9">65789</subfield>
  </datafield>
  <datafield tag="650" ind1=" " ind2="4">
    <subfield code="a">&#xE04;&#xE15;&#xE34;&#xE19;&#xE34;&#xE22;&#xE21;&#xE40;&#xE0A;&#xE37;&#xE49;&#xE2D;&#xE0A;&#xE32;&#xE15;&#xE34; </subfield>
    <subfield code="x">&#xE41;&#xE07;&#xE48;&#xE01;&#xE32;&#xE23;&#xE40;&#xE21;&#xE37;&#xE2D;&#xE07;</subfield>
    <subfield code="9">65790</subfield>
  </datafield>
  <datafield tag="650" ind1=" " ind2="4">
    <subfield code="a">&#xE2D;&#xE32;&#xE23;&#xE22;&#xE18;&#xE23;&#xE23;&#xE21;&#xE15;&#xE30;&#xE27;&#xE31;&#xE19;&#xE15;&#xE01;</subfield>
    <subfield code="9">31138</subfield>
  </datafield>
  <datafield tag="650" ind1=" " ind2="4">
    <subfield code="a">&#xE2D;&#xE32;&#xE13;&#xE32;&#xE19;&#xE34;&#xE04;&#xE21;</subfield>
    <subfield code="9">52922</subfield>
  </datafield>
  <datafield tag="650" ind1=" " ind2="4">
    <subfield code="a">&#xE2D;&#xE32;&#xE23;&#xE22;&#xE18;&#xE23;&#xE23;&#xE21;&#xE2A;&#xE21;&#xE31;&#xE22;&#xE43;&#xE2B;&#xE21;&#xE48;</subfield>
    <subfield code="9">47590</subfield>
  </datafield>
  <datafield tag="942" ind1=" " ind2=" ">
    <subfield code="c">GB</subfield>
    <subfield code="2">lcc</subfield>
  </datafield>
  <datafield tag="996" ind1=" " ind2=" ">
    <subfield code="a">varee.k</subfield>
    <subfield code="b">LIBSTF</subfield>
    <subfield code="c">2025-04-24</subfield>
  </datafield>
  <datafield tag="996" ind1=" " ind2=" ">
    <subfield code="a">saiphon.d</subfield>
    <subfield code="b">CATSTF	</subfield>
    <subfield code="c">2025-04-25</subfield>
  </datafield>
  <datafield tag="999" ind1=" " ind2=" ">
    <subfield code="c">106521</subfield>
    <subfield code="d">106521</subfield>
  </datafield>
  <datafield tag="998" ind1=" " ind2=" ">
    <subfield code="j">1020</subfield>
    <subfield code="k"> &#xE19;&#xE32;&#xE07;&#xE08;&#xE33;&#xE40;&#xE23;&#xE35;&#xE22;&#xE07;  &#xE23;&#xE30;&#xE27;&#xE31;&#xE07;&#xE2A;&#xE33;&#xE42;&#xE23;&#xE07;</subfield>
  </datafield>
  <datafield tag="952" ind1=" " ind2=" ">
    <subfield code="0">0</subfield>
    <subfield code="1">0</subfield>
    <subfield code="2">lcc</subfield>
    <subfield code="4">0</subfield>
    <subfield code="7">0</subfield>
    <subfield code="8">CGBL</subfield>
    <subfield code="a">NALT</subfield>
    <subfield code="b">NALT</subfield>
    <subfield code="c">GEN</subfield>
    <subfield code="d">2025-04-22</subfield>
    <subfield code="e">33</subfield>
    <subfield code="l">0</subfield>
    <subfield code="o">JV 51 &#xE18;285&#xE27; 2567</subfield>
    <subfield code="p">3961215010</subfield>
    <subfield code="r">2025-04-22 00:00:00</subfield>
    <subfield code="w">2025-04-22</subfield>
    <subfield code="y">GB</subfield>
  </datafield>
</record>
